[Event "13. Open del Sants 2011"]
[Site "Barcelona ESP"]
[Date "2011.08.20"]
[Round "2.6"]
[White "Lemeaux, David"]
[Black "Ipatov, Alexander"]
[Result "0-1"]
[WhiteElo "2279"]
[BlackElo "2562"]
[PlyCount "88"]
[EventDate "2011.08.19"]
[EventType "swiss"]
[EventRounds "10"]
[EventCountry "ESP"]
[Source "lmi"]
[SourceDate "2011.08.19"]

1. d4 g6 2. c4 Bg7 3. Nf3 Nf6 4. g3 O-O 5. Bg2 d5 6. cxd5 Nxd5 7. O-O Nb6 8.
Nc3 Nc6 9. e3 Re8 10. Qe2 Bf5 11. Nh4 Bd7 12. f4 Qc8 13. Rf2 Nb4 14. Ne4 e6 15.
Bd2 a5 16. a3 N4d5 17. Nf3 Rd8 18. Rc1 Qb8 19. Nc5 Be8 20. b3 Nd7 21. Nd3 Ne7
22. g4 c6 23. Qe1 Qa7 24. h4 Qb6 25. b4 axb4 26. axb4 Ra3 27. Bf1 Nf6 28. Nfe5
Qa7 29. Bg2 Nxg4 30. Nxg4 Rxd3 31. Bc3 Nf5 32. Bf1 Rxc3 33. Qxc3 Nxh4 34. Ra1
Qb8 35. Bd3 Qd6 36. Qc5 Qc7 37. Ra7 Rd5 38. Qc4 h5 39. Ne5 Qd8 40. Rxb7 Bxe5
41. fxe5 Qg5+ 42. Kf1 Qxe3 43. Re2 Qh3+ 44. Ke1 Rxd4 0-1

[Event "13. Open del Sants 2011"]
[Site "Barcelona ESP"]
[Date "2011.08.20"]
[Round "2.7"]
[White "Swiercz, Dariusz"]
[Black "Banos, Oscar"]
[Result "1-0"]
[WhiteElo "2553"]
[BlackElo "2278"]
[PlyCount "107"]
[EventDate "2011.08.19"]
[EventType "swiss"]
[EventRounds "10"]
[EventCountry "ESP"]
[Source "lmi"]
[SourceDate "2011.08.19"]

1. d4 e6 2. Nf3 d5 3. c4 c6 4. Qc2 f5 5. Bf4 Nf6 6. e3 Be7 7. Bd3 Ne4 8. Nc3
Qa5 9. O-O O-O 10. Ne5 Nd7 11. f3 Nxe5 12. Bxe5 Nxc3 13. bxc3 Bf6 14. Bd6 Rf7
15. e4 g6 16. Rab1 Qd8 17. c5 b5 18. Rfe1 Be7 19. e5 Bf8 20. a4 a6 21. Ra1 Raa7
22. Ra2 Rad7 23. g3 Rg7 24. Kg2 Rdf7 25. Rea1 Bb7 26. axb5 axb5 27. Ra7 h5 28.
R7a2 h4 29. Rg1 Rh7 30. Kf1 Rfg7 31. g4 Bxd6 32. cxd6 Qb6 33. Qb2 Bc8 34. Ke2
Kh8 35. Ra8 Rg8 36. gxf5 exf5 37. Qa3 Rhg7 38. f4 Bd7 39. Qa7 Qxa7 40. Rxa7 Kh7
41. Rga1 Be6 42. R1a6 Rxa7 43. Rxa7+ Rg7 44. Ra6 Bd7 45. Kd2 Kh6 46. Ra7 Be6
47. Ra8 Bd7 48. Rf8 g5 49. Rf6+ Rg6 50. fxg5+ Kxg5 51. Rf7 Be6 52. d7 Bxd7 53.
Rxd7 Kf4 54. Rf7 1-0

[Event "13. Open del Sants 2011"]
[Site "Barcelona ESP"]
[Date "2011.08.20"]
[Round "2.8"]
[White "Escandell, Juan C"]
[Black "Alvarez Pedraza, Aramis"]
[Result "0-1"]
[WhiteElo "2276"]
[BlackElo "2551"]
[PlyCount "68"]
[EventDate "2011.08.19"]
[EventType "swiss"]
[EventRounds "10"]
[EventCountry "ESP"]
[Source "lmi"]
[SourceDate "2011.08.19"]

1. e4 e5 2. Nc3 d6 3. Nf3 Nf6 4. d4 Nbd7 5. Bc4 Be7 6. O-O O-O 7. Re1 a6 8. a4
b6 9. Rb1 Bb7 10. h3 Re8 11. d5 Bf8 12. Nh2 g6 13. Bg5 h6 14. Bh4 Be7 15. Qf3
Kg7 16. Ng4 Nxg4 17. Bxe7 Qxe7 18. Qxg4 Nf6 19. Qd1 Nh7 20. Bd3 Rf8 21. a5 b5
22. Na2 Bc8 23. Nb4 Qh4 24. Qf3 f5 25. Qg3 Qf6 26. f4 exf4 27. Qf2 f3 28. exf5
fxg2 29. Nc6 Ng5 30. Re7+ Qxe7 31. Nxe7 Nxh3+ 32. Kxg2 Nxf2 33. Nxg6 Nxd3 34.
Nxf8 Bxf5 0-1

[Event "13. Open del Sants 2011"]
[Site "Barcelona ESP"]
[Date "2011.08.20"]
[Round "2.9"]
[White "Almeida Quintana, Omar"]
[Black "Rabineau, Clement"]
[Result "1-0"]
[WhiteElo "2548"]
[BlackElo "2273"]
[PlyCount "53"]
[EventDate "2011.08.19"]
[EventType "swiss"]
[EventRounds "10"]
[EventCountry "ESP"]
[Source "lmi"]
[SourceDate "2011.08.19"]

1. d4 d6 2. Nf3 Bg4 3. c4 c6 4. Nc3 Nd7 5. e4 g6 6. Be2 Bg7 7. Be3 e6 8. Qd2
Ne7 9. Ng1 Bxe2 10. Ngxe2 O-O 11. Bg5 Re8 12. h4 c5 13. h5 cxd4 14. Nxd4 Ne5
15. hxg6 hxg6 16. Bh6 Bf6 17. b3 N7c6 18. Nde2 Nb4 19. Rd1 Qa5 20. Rh3 Ng4 21.
Bf4 Rad8 22. Nb5 Qb6 23. Bg3 Be5 24. Bh4 Na6 25. f3 Ne3 26. Bf2 Nxg2+ 27. Kf1
1-0

[Event "13. Open del Sants 2011"]
[Site "Barcelona ESP"]
[Date "2011.08.20"]
[Round "2.10"]
[White "Ryan, Joseph"]
[Black "Marin, Mihail"]
[Result "0-1"]
[WhiteElo "2267"]
[BlackElo "2548"]
[PlyCount "74"]
[EventDate "2011.08.19"]
[EventType "swiss"]
[EventRounds "10"]
[EventCountry "ESP"]
[Source "lmi"]
[SourceDate "2011.08.19"]

1. e4 e5 2. Nf3 Nc6 3. Nc3 d6 4. d4 exd4 5. Nxd4 Nf6 6. f3 Be7 7. Be3 O-O 8.
Be2 d5 9. Nxc6 bxc6 10. e5 Ne8 11. O-O g6 12. Bh6 Ng7 13. Bd3 Rb8 14. b3 f6 15.
exf6 Bxf6 16. Na4 Bd4+ 17. Kh1 Bxa1 18. Qxa1 Qf6 19. Qxf6 Rxf6 20. Be3 Bf5 21.
Ba6 Ne6 22. c3 g5 23. g4 Bg6 24. Kg2 c5 25. Be2 d4 26. Bd2 d3 27. Bd1 c4 28.
bxc4 Be8 29. Bc1 h6 30. Bb3 Bxa4 31. Bxa4 Rb1 32. Rd1 Nc5 33. Ba3 Rxd1 34. Bxd1
Na4 35. Bxa4 Ra6 36. Bb3 Rxa3 37. c5+ Rxb3 0-1

[Event "13. Open del Sants 2011"]
[Site "Barcelona ESP"]
[Date "2011.08.20"]
[Round "2.13"]
[White "Bacallao Alonso, Yusnel"]
[Black "Delabaca, Romuald"]
[Result "1-0"]
[WhiteElo "2532"]
[BlackElo "2263"]
[PlyCount "59"]
[EventDate "2011.08.19"]
[EventType "swiss"]
[EventRounds "10"]
[EventCountry "ESP"]
[Source "lmi"]
[SourceDate "2011.08.19"]

1. e4 e5 2. Nf3 Nc6 3. Bb5 a6 4. Ba4 Nf6 5. O-O Be7 6. Re1 b5 7. Bb3 d6 8. c3
O-O 9. h3 Na5 10. Bc2 c5 11. d4 Nd7 12. b3 exd4 13. cxd4 Nc6 14. Bb2 cxd4 15.
Nxd4 Nxd4 16. Bxd4 Bb7 17. a4 Bf6 18. axb5 axb5 19. Rxa8 Qxa8 20. Nc3 Qa5 21.
Bxf6 Nxf6 22. Qd4 Bc6 23. b4 Qc7 24. Bd3 Qb8 25. Ra1 Rd8 26. Ra6 Qb7 27. Bxb5
Nxe4 28. Bxc6 Nxc3 29. Qh4 Qc7 30. Ra7 1-0

[Event "13. Open del Sants 2011"]
[Site "Barcelona ESP"]
[Date "2011.08.20"]
[Round "2.14"]
[White "Ramondino, Renzo"]
[Black "Kunte, Abhijit"]
[Result "0-1"]
[WhiteElo "2262"]
[BlackElo "2528"]
[PlyCount "76"]
[EventDate "2011.08.19"]
[EventType "swiss"]
[EventRounds "10"]
[EventCountry "ESP"]
[Source "lmi"]
[SourceDate "2011.08.19"]

1. Nf3 c5 2. c4 b6 3. Nc3 Bb7 4. d4 cxd4 5. Nxd4 Nf6 6. f3 a5 7. e4 Qc7 8. Bg5
e6 9. Bxf6 gxf6 10. Rc1 Nc6 11. g3 Qd6 12. Nxc6 dxc6 13. Qxd6 Bxd6 14. Na4 Bb4+
15. Ke2 b5 16. a3 Bd6 17. Nb6 Rd8 18. c5 Be5 19. Rc2 h5 20. f4 Bc7 21. h4 f5
22. exf5 e5 23. Bg2 Rg8 24. Re1 Rxg3 25. Kf2 Rg4 26. fxe5 Rf4+ 27. Kg1 Rxf5 28.
Ree2 Ke7 29. b4 Rf4 30. e6 f6 31. Re4 Rxe4 32. Bxe4 Bg3 33. Re2 Rd1+ 34. Kg2
Bxh4 35. Bg6 Bg5 36. Bxh5 Rd2 37. Rxd2 Bxd2 38. Bg4 Bc1 0-1

[Event "13. Open del Sants 2011"]
[Site "Barcelona ESP"]
[Date "2011.08.20"]
[Round "2.15"]
[White "Gonzalez Garcia, Jose"]
[Black "Capellades Subirana, Marc"]
[Result "1/2-1/2"]
[WhiteElo "2522"]
[BlackElo "2260"]
[PlyCount "39"]
[EventDate "2011.08.19"]
[EventType "swiss"]
[EventRounds "10"]
[EventCountry "ESP"]
[Source "lmi"]
[SourceDate "2011.08.19"]

1. Nf3 Nf6 2. c4 b6 3. d4 Bb7 4. Nc3 g6 5. Qc2 Bxf3 6. exf3 Bg7 7. Be3 O-O 8.
O-O-O c6 9. g4 d5 10. h4 h5 11. Bg5 Nbd7 12. gxh5 Nxh5 13. cxd5 cxd5 14. Nxd5
Ndf6 15. Nc3 Rc8 16. Kb1 Nd5 17. Bd2 Bxd4 18. Be1 Bxc3 19. bxc3 e6 20. Ba6
1/2-1/2

[Event "13. Open del Sants 2011"]
[Site "Barcelona ESP"]
[Date "2011.08.20"]
[Round "2.16"]
[White "Exposito Amaro, Josue"]
[Black "Handke, Florian"]
[Result "0-1"]
[WhiteElo "2258"]
[BlackElo "2518"]
[PlyCount "75"]
[EventDate "2011.08.19"]
[EventType "swiss"]
[EventRounds "10"]
[EventCountry "ESP"]
[Source "lmi"]
[SourceDate "2011.08.19"]

1. Nc3 c5 2. e4 e6 3. f4 a6 4. Nf3 Nc6 5. d3 d5 6. g3 dxe4 7. Nxe4 Nh6 8. Bg2
Be7 9. O-O Nf5 10. g4 Nfd4 11. Nxd4 cxd4 12. Qe2 h5 13. gxh5 Qa5 14. f5 exf5
15. Nd6+ Kf8 16. Bf4 Bd7 17. Rae1 Bxd6 18. Bxd6+ Kg8 19. Bf3 Re8 20. Qf2 Rh6
21. Rxe8+ Bxe8 22. Bf4 Re6 23. Qg2 Ne7 24. Bxb7 Qxa2 25. b3 Qa5 26. Qf2 Bc6 27.
Bxc6 Nxc6 28. Bd2 Qd5 29. Qxf5 Re5 30. Qc8+ Kh7 31. h6 Re6 32. Bf4 Ne7 33. Qf8
Rg6+ 34. Bg3 Nf5 35. hxg7 Rxg7 36. Qb8 Ne3 37. Rf2 Qc5 38. Re2 0-1

[Event "13. Open del Sants 2011"]
[Site "Barcelona ESP"]
[Date "2011.08.20"]
[Round "2.17"]
[White "Gonzalez Vidal, Yuri"]
[Black "Tudela Corbalan, Carlos"]
[Result "1-0"]
[WhiteElo "2503"]
[BlackElo "2258"]
[PlyCount "123"]
[EventDate "2011.08.19"]
[EventType "swiss"]
[EventRounds "10"]
[EventCountry "ESP"]
[Source "lmi"]
[SourceDate "2011.08.19"]

1. e4 Nc6 2. Nf3 Nf6 3. e5 Ng4 4. d4 d6 5. h3 Nh6 6. exd6 Qxd6 7. Nc3 a6 8. d5
Ne5 9. Nxe5 Qxe5+ 10. Be2 g6 11. g4 Bg7 12. Be3 f5 13. Qd2 Nf7 14. Bf4 Qf6 15.
g5 Qb6 16. Na4 Qa7 17. Be3 b6 18. Bd4 Bxd4 19. Qxd4 Bd7 20. h4 c5 21. Qf4 Qb8
22. Qxb8+ Rxb8 23. Nc3 b5 24. O-O-O O-O 25. Rhe1 Nd6 26. Bf1 Rf7 27. f4 b4 28.
Nb1 Ne4 29. Bg2 e6 30. dxe6 Bxe6 31. Nd2 Rbf8 32. Bxe4 fxe4 33. Nxe4 Bg4 34.
Rd6 Re7 35. Kd2 Rxf4 36. Nf6+ Kf7 37. Rxe7+ Kxe7 38. Rxa6 Rf2+ 39. Ke3 Re2+ 40.
Kd3 Rg2 41. Nxg4 Rxg4 42. Ra7+ Ke6 43. Rxh7 Rd4+ 44. Ke3 Rc4 45. Kd2 Rd4+ 46.
Ke3 Rc4 47. Kd2 Rd4+ 48. Kc1 Rg4 49. a4 c4 50. Rb7 c3 51. Kb1 Rxh4 52. Rb6+ Kd5
53. Ka2 Kc5 54. Rxg6 b3+ 55. Kxb3 cxb2 56. Kxb2 Rxa4 57. Rg8 Rb4+ 58. Kc3 Rg4
59. g6 Rg3+ 60. Kb2 Kc6 61. g7 Kb7 62. c4 1-0

[Event "13. Open del Sants 2011"]
[Site "Barcelona ESP"]
[Date "2011.08.20"]
[Round "2.18"]
[White "Avila Jimenez, Javier"]
[Black "Alonso Rosell, Alvar"]
[Result "1-0"]
[WhiteElo "2257"]
[BlackElo "2502"]
[PlyCount "111"]
[EventDate "2011.08.19"]
[EventType "swiss"]
[EventRounds "10"]
[EventCountry "ESP"]
[Source "lmi"]
[SourceDate "2011.08.19"]

1. d4 Nf6 2. c4 c5 3. d5 e6 4. Nc3 exd5 5. cxd5 d6 6. e4 g6 7. f4 Bg7 8. Bb5+
Nfd7 9. Be2 O-O 10. Nf3 Re8 11. Qc2 Na6 12. O-O Nc7 13. a4 Nf6 14. Bd2 Bg4 15.
Rae1 Rb8 16. h3 Bxf3 17. Bxf3 Nd7 18. g4 Na6 19. Nb5 Nb4 20. Qb3 Qb6 21. Kg2
Nc6 22. a5 Nxa5 23. Qa4 a6 24. Nxd6 Qxd6 25. e5 b5 26. Qa2 Bxe5 27. fxe5 Nxe5
28. Rxe5 Qxe5 29. Bc3 Qf4 30. Qxa5 b4 31. Be1 Qd4 32. Bg3 Rbd8 33. Rf2 Rxd5 34.
Bxd5 Qxd5+ 35. Kh2 Re1 36. Rg2 Re6 37. Qc7 Kg7 38. Rf2 Re1 39. Rg2 Re4 40. Bd6
a5 41. Qd8 Qd4 42. Bf8+ Kg8 43. Bd6+ Kg7 44. g5 Re8 45. Qxe8 Qxd6+ 46. Kg1 c4
47. Qe3 Qd1+ 48. Kh2 Qd6+ 49. Qg3 Qd4 50. Re2 Qd1 51. Qe5+ Kg8 52. Rf2 Qd8 53.
Re2 Qd1 54. Rf2 Qd8 55. Qf4 Qd5 56. Rd2 1-0

[Event "13. Open del Sants 2011"]
[Site "Barcelona ESP"]
[Date "2011.08.20"]
[Round "2.20"]
[White "Aranaz Murillo, Amalia"]
[Black "Gual Pascual, Antonio"]
[Result "0-1"]
[WhiteElo "2176"]
[BlackElo "2436"]
[PlyCount "88"]
[EventDate "2011.08.19"]
[EventType "swiss"]
[EventRounds "10"]
[EventCountry "ESP"]
[Source "lmi"]
[SourceDate "2011.08.19"]

1. Nf3 d5 2. c4 c6 3. g3 Bg4 4. Bg2 e6 5. O-O Nd7 6. cxd5 exd5 7. d3 Bc5 8. Qb3
Bb6 9. Nc3 Ne7 10. Na4 O-O 11. Nxb6 axb6 12. Qb4 Bh5 13. a4 Re8 14. h3 f6 15.
Re1 c5 16. Qc3 d4 17. Qc2 Nc6 18. Bd2 Bf7 19. Rab1 Qe7 20. b4 cxb4 21. Qb2 b3
22. Nxd4 Nxd4 23. Qxd4 Nc5 24. Ra1 Rec8 25. Qb4 Qd7 26. Qxb6 Rxa4 27. Be3 Rxa1
28. Rxa1 Na4 29. Qb4 b5 30. Rc1 b2 31. Re1 Rc3 32. Qe4 g5 33. Rf1 Kg7 34. Bd4
Rc1 35. Bxb2 Rxf1+ 36. Bxf1 Nxb2 37. Qb4 Na4 38. e4 Qc6 39. Bg2 Qc1+ 40. Kh2
Qc5 41. Qa5 Qxf2 42. Qxb5 Nc3 43. Qb8 Ne2 44. Qd6 Qg1# 0-1

[Event "13. Open del Sants 2011"]
[Site "Barcelona ESP"]
[Date "2011.08.21"]
[Round "3.1"]
[White "Smeets, Jan"]
[Black "Mirzoev, Azer"]
[Result "1/2-1/2"]
[WhiteElo "2628"]
[BlackElo "2415"]
[PlyCount "111"]
[EventDate "2011.08.19"]
[EventType "swiss"]
[EventRounds "10"]
[EventCountry "ESP"]
[Source "lmi"]
[SourceDate "2011.08.19"]

1. d4 d5 2. c4 dxc4 3. e4 e5 4. Nf3 exd4 5. Bxc4 Bb4+ 6. Nbd2 Nc6 7. O-O Nf6 8.
e5 Nd5 9. Nb3 Nb6 10. Bb5 Qd5 11. Nbxd4 O-O 12. Bxc6 bxc6 13. Qc2 c5 14. Ne2
Ba6 15. Rd1 Qc4 16. Qxc4 Nxc4 17. a3 Ba5 18. b4 Bb6 19. Nc3 cxb4 20. axb4 Bb7
21. Bf4 Rad8 22. Na4 h6 23. Rdc1 Bxf3 24. Rxc4 Be2 25. Rcc1 Rd4 26. Be3 Rxb4
27. Nxb6 axb6 28. Rxc7 Re4 29. Bxb6 Rxe5 30. h3 Rfe8 31. Raa7 Bh5 32. Kh2 Rb5
33. Bc5 Bg6 34. g4 h5 35. Kg3 hxg4 36. hxg4 Rb3+ 37. Be3 Rb1 38. Re7 Rxe7 39.
Rxe7 f6 40. f4 Rb8 41. Rd7 Be4 42. Re7 Bc6 43. Rc7 Bd5 44. Rd7 Bc6 45. Rd6 Rb3
46. Kf2 Be4 47. Rd4 Bc6 48. f5 Rb7 49. Rd6 Be4 50. Kg3 Bb1 51. Bd4 Kh7 52. Rd8
Bc2 53. Kf4 Bb1 54. Rd6 Bc2 55. Rc6 Bb1 56. Rb6 1/2-1/2

[Event "13. Open del Sants 2011"]
[Site "Barcelona ESP"]
[Date "2011.08.21"]
[Round "3.2"]
[White "Pardo Simon, David"]
[Black "Sadler, Matthew D"]
[Result "0-1"]
[WhiteElo "2388"]
[BlackElo "2625"]
[PlyCount "56"]
[EventDate "2011.08.19"]
[EventType "swiss"]
[EventRounds "10"]
[EventCountry "ESP"]
[Source "lmi"]
[SourceDate "2011.08.19"]

1. e4 c5 2. Nf3 g6 3. d4 Bg7 4. Nc3 cxd4 5. Nxd4 Nc6 6. Be3 Nf6 7. Bc4 O-O 8.
Bb3 e6 9. O-O d5 10. exd5 exd5 11. h3 Re8 12. Re1 Be6 13. Ba4 Bd7 14. Bb3 a6
15. Nxc6 bxc6 16. Na4 Bf5 17. Bd4 Qd6 18. Qf3 Ne4 19. Bxg7 Kxg7 20. Rad1 Rad8
21. g4 Bc8 22. Nb6 Bb7 23. Nc4 Qc7 24. Nd2 Nxd2 25. Qc3+ d4 26. Qxd2 c5 27. f4
Qc6 28. Kh2 Rxe1 0-1

[Event "13. Open del Sants 2011"]
[Site "Barcelona ESP"]
[Date "2011.08.21"]
[Round "3.4"]
[White "Jolly, Jean-Francois"]
[Black "Iturrizaga, Eduardo"]
[Result "0-1"]
[WhiteElo "2377"]
[BlackElo "2603"]
[PlyCount "54"]
[EventDate "2011.08.19"]
[EventType "swiss"]
[EventRounds "10"]
[EventCountry "ESP"]
[Source "lmi"]
[SourceDate "2011.08.19"]

1. e4 c5 2. Nf3 Nc6 3. Bb5 d6 4. Bxc6+ bxc6 5. O-O Bg4 6. c3 Nf6 7. Re1 e6 8.
d3 Be7 9. Nbd2 Nd7 10. Qa4 Qc7 11. e5 Bf5 12. exd6 Qxd6 13. Nc4 Qxd3 14. Bf4
O-O 15. Rad1 Nb6 16. Nxb6 axb6 17. Qxc6 Qa6 18. Rd7 Bf6 19. Rb7 Qxa2 20. Qxb6
Qd5 21. Qb5 Be4 22. Rd7 Qf5 23. Bg3 h5 24. Qe2 Bd5 25. Qe3 Ra4 26. Qxc5 h4 27.
Bd6 Rg4 0-1

[Event "13. Open del Sants 2011"]
[Site "Barcelona ESP"]
[Date "2011.08.21"]
[Round "3.5"]
[White "Gopal, G N."]
[Black "Cruz, Jonathan"]
[Result "1-0"]
[WhiteElo "2576"]
[BlackElo "2406"]
[PlyCount "45"]
[EventDate "2011.08.19"]
[EventType "swiss"]
[EventRounds "10"]
[EventCountry "ESP"]
[Source "lmi"]
[SourceDate "2011.08.19"]

1. e4 c6 2. d4 d5 3. e5 c5 4. Nf3 Bg4 5. c4 Nc6 6. cxd5 Bxf3 7. Qxf3 Nxd4 8.
Qd1 Qxd5 9. Bb5+ Kd8 10. O-O e6 11. Nc3 Qxe5 12. Re1 Qc7 13. b4 b6 14. Be3 Nf6
15. Bxd4 cxd4 16. Qxd4+ Bd6 17. Rac1 Qb8 18. Bc6 Ke7 19. Qh4 Kf8 20. Ne4 Be5
21. Nxf6 gxf6 22. Rcd1 h5 23. Bxa8 1-0

[Event "13. Open del Sants 2011"]
[Site "Barcelona ESP"]
[Date "2011.08.21"]
[Round "3.7"]
[White "Debray, Christopher"]
[Black "Swiercz, Dariusz"]
[Result "0-1"]
[WhiteElo "2364"]
[BlackElo "2553"]
[PlyCount "74"]
[EventDate "2011.08.19"]
[EventType "swiss"]
[EventRounds "10"]
[EventCountry "ESP"]
[Source "lmi"]
[SourceDate "2011.08.19"]

1. e4 c5 2. Nf3 d6 3. d4 cxd4 4. Nxd4 Nf6 5. Nc3 a6 6. Be3 e5 7. Nf3 Qc7 8. a4
Be7 9. a5 O-O 10. Be2 Nbd7 11. O-O Nc5 12. Nd2 Be6 13. f4 exf4 14. Bxf4 b5 15.
Bf3 Rac8 16. Rf2 Rfe8 17. Nb3 Nxb3 18. cxb3 Bf8 19. Rd2 b4 20. Na4 Qxa5 21.
Bxd6 Bxd6 22. Rxd6 Qg5 23. Qd2 Qxd2 24. Rxd2 Bxb3 25. e5 Rxe5 26. Nb6 Rb8 27.
Rxa6 Be6 28. Ra8 Rxa8 29. Nxa8 g5 30. Nc7 Bf5 31. Na6 b3 32. Bd1 Kg7 33. Bxb3
Re1+ 34. Kf2 Ra1 35. Nc5 Ra5 36. Nb7 Ne4+ 37. Ke1 Rb5 0-1

[Event "13. Open del Sants 2011"]
[Site "Barcelona ESP"]
[Date "2011.08.21"]
[Round "3.8"]
[White "Alvarez Pedraza, Aramis"]
[Black "Cabrera Trujillo, Jorge"]
[Result "1/2-1/2"]
[WhiteElo "2551"]
[BlackElo "2392"]
[PlyCount "40"]
[EventDate "2011.08.19"]
[EventType "swiss"]
[EventRounds "10"]
[EventCountry "ESP"]
[Source "lmi"]
[SourceDate "2011.08.19"]

1. d4 Nf6 2. c4 g6 3. Nc3 Bg7 4. e4 O-O 5. Be3 d6 6. f3 Nc6 7. Qd2 Re8 8. Nge2
a6 9. g3 Rb8 10. Rc1 Bd7 11. Bg2 b5 12. cxb5 axb5 13. O-O Qc8 14. b3 Qb7 15.
Nd1 e5 16. d5 Ne7 17. Nf2 Rbd8 18. f4 exf4 19. gxf4 c6 20. Ng3 h5 1/2-1/2

[Event "13. Open del Sants 2011"]
[Site "Barcelona ESP"]
[Date "2011.08.21"]
[Round "3.9"]
[White "Lanzani, Mario"]
[Black "Almeida Quintana, Omar"]
[Result "1/2-1/2"]
[WhiteElo "2357"]
[BlackElo "2548"]
[PlyCount "97"]
[EventDate "2011.08.19"]
[EventType "swiss"]
[EventRounds "10"]
[EventCountry "ESP"]
[Source "lmi"]
[SourceDate "2011.08.19"]

1. e4 g6 2. d4 Bg7 3. Nf3 d6 4. Be2 a6 5. O-O Nd7 6. c4 e5 7. d5 Ne7 8. Nc3 O-O
9. b4 h6 10. c5 f5 11. Nd2 Nf6 12. f3 g5 13. Nc4 f4 14. a4 Ng6 15. Ba3 Rf7 16.
b5 Bf8 17. b6 dxc5 18. bxc7 Rxc7 19. a5 Ne8 20. Na4 Nd6 21. Ncb6 Rb8 22. Qb3
Kh7 23. Nxc5 g4 24. Nxc8 Rcxc8 25. Ne6 Qd7 26. Nxf8+ Rxf8 27. fxg4 Rfc8 28. Qb4
Nb5 29. Bxb5 axb5 30. Rac1 Qxg4 31. Qd2 Nh4 32. Kh1 f3 33. gxf3 Nxf3 34. Qg2
Qxg2+ 35. Kxg2 Ng5 36. d6 Rd8 37. Rf5 Nxe4 38. Rxe5 Nxd6 39. Rc7+ Kg8 40. Re6
Nc4 41. Bb4 Rd3 42. Rg6+ Kh8 43. Rxh6+ Kg8 44. Rhh7 Ne3+ 45. Kf2 Nf5 46. Rh5
Nd4 47. Rhh7 Nf5 48. Rxb7 Rc8 49. Rhc7 1/2-1/2

[Event "13. Open del Sants 2011"]
[Site "Barcelona ESP"]
[Date "2011.08.21"]
[Round "3.10"]
[White "Marin, Mihail"]
[Black "Broekmeulen, Jasper"]
[Result "1/2-1/2"]
[WhiteElo "2548"]
[BlackElo "2388"]
[PlyCount "50"]
[EventDate "2011.08.19"]
[EventType "swiss"]
[EventRounds "10"]
[EventCountry "ESP"]
[Source "lmi"]
[SourceDate "2011.08.19"]

1. d4 Nf6 2. Nf3 b5 3. Bg5 Bb7 4. Nbd2 a6 5. c3 e6 6. e4 h6 7. Bxf6 Qxf6 8. Bd3
Qd8 9. O-O c5 10. Qe2 Qc7 11. a4 c4 12. Bc2 Be7 13. e5 O-O 14. Ne4 Nc6 15. Nfd2
Rab8 16. f4 f5 17. exf6 Bxf6 18. axb5 axb5 19. Qh5 Bxd4+ 20. Kh1 Be3 21. f5
exf5 22. Rxf5 Ne7 23. Rxf8+ Rxf8 24. Rf1 Bxd2 25. Nxd2 Qd6 1/2-1/2

[Event "13. Open del Sants 2011"]
[Site "Barcelona ESP"]
[Date "2011.08.21"]
[Round "3.11"]
[White "Cuartas, Jaime Alexander"]
[Black "Gullaksen, Eirik"]
[Result "1-0"]
[WhiteElo "2542"]
[BlackElo "2376"]
[PlyCount "67"]
[EventDate "2011.08.19"]
[EventType "swiss"]
[EventRounds "10"]
[EventCountry "ESP"]
[Source "lmi"]
[SourceDate "2011.08.19"]

1. e4 c5 2. Nf3 Nc6 3. Bb5 g6 4. O-O Bg7 5. c3 Nf6 6. Re1 O-O 7. h3 Qb6 8. Bf1
Rd8 9. Na3 a6 10. Nc4 Qc7 11. e5 Nd5 12. a4 d6 13. exd6 exd6 14. d3 Ne5 15. Bg5
Re8 16. d4 Nxf3+ 17. Qxf3 Be6 18. dxc5 dxc5 19. a5 h6 20. Bh4 g5 21. Bg3 Nf4
22. Nb6 Rad8 23. Rad1 Be5 24. Bc4 Rxd1 25. Rxd1 Bxc4 26. Nxc4 Ng6 27. Nxe5 Nxe5
28. Qf6 Qe7 29. Qxh6 Nc4 30. Rd5 f6 31. Qg6+ Kh8 32. h4 Rd8 33. Rxd8+ Qxd8 34.
hxg5 1-0

[Event "13. Open del Sants 2011"]
[Site "Barcelona ESP"]
[Date "2011.08.21"]
[Round "3.12"]
[White "Gomez Jurado, Luis Alberto"]
[Black "Bacallao Alonso, Yusnel"]
[Result "0-1"]
[WhiteElo "2353"]
[BlackElo "2532"]
[PlyCount "106"]
[EventDate "2011.08.19"]
[EventType "swiss"]
[EventRounds "10"]
[EventCountry "ESP"]
[Source "lmi"]
[SourceDate "2011.08.19"]

1. c4 Nf6 2. g3 c6 3. Bg2 d5 4. Nf3 Bf5 5. cxd5 cxd5 6. Qb3 Qb6 7. Nc3 Qxb3 8.
axb3 Nc6 9. d3 h6 10. O-O a6 11. Be3 e5 12. d4 e4 13. Ne5 Nb4 14. Rac1 Bd6 15.
f3 exf3 16. Bxf3 Bc2 17. Na2 Bxb3 18. Nxb4 Bxb4 19. Rc7 O-O 20. Rxb7 Rab8 21.
Rxb8 Rxb8 22. Ra1 Ra8 23. Nd3 Bf8 24. Bd2 Bc4 25. Ra5 Rb8 26. Bc3 g5 27. Ne5
Bb5 28. Ng4 Ne4 29. Ne3 Nf6 30. Nxd5 Nxd5 31. Bxd5 Bxe2 32. Kf2 Bb5 33. Ra1 Rb6
34. Bf3 h5 35. h3 Rf6 36. Kg2 g4 37. hxg4 hxg4 38. Be4 Re6 39. Bd5 Re2+ 40. Kh1
Bd6 41. Rf1 Bxg3 42. Rxf7 Bc6 43. Rf5+ Bxd5+ 44. Rxd5 Bf4 45. Rf5 Be3 46. Rf6
Kh7 47. Rf7+ Kg6 48. Rf8 Kg7 49. Re8 g3 50. d5+ Kf7 51. Rxe3 Rxe3 52. Kg2 Rxc3
53. bxc3 a5 0-1

[Event "13. Open del Sants 2011"]
[Site "Barcelona ESP"]
[Date "2011.08.21"]
[Round "3.13"]
[White "Kunte, Abhijit"]
[Black "Rudolf, Anna"]
[Result "1-0"]
[WhiteElo "2528"]
[BlackElo "2355"]
[PlyCount "81"]
[EventDate "2011.08.19"]
[EventType "swiss"]
[EventRounds "10"]
[EventCountry "ESP"]
[Source "lmi"]
[SourceDate "2011.08.19"]

1. d4 e6 2. Nf3 Nf6 3. g3 d5 4. Bg2 Be7 5. c4 O-O 6. O-O dxc4 7. Qc2 a6 8. a4
Bd7 9. Qxc4 Bc6 10. Bf4 a5 11. Nc3 Na6 12. Rac1 Nb4 13. Rfe1 Nd7 14. Nb5 Bd6
15. Ne5 Nb6 16. Qb3 Bxb5 17. axb5 N6d5 18. Bd2 a4 19. Qf3 a3 20. bxa3 Na2 21.
Rb1 Rxa3 22. Rb3 Ra4 23. Nd3 Nab4 24. Nb2 Ra2 25. e4 Nc2 26. exd5 Nxd4 27. Qd3
Nxb3 28. Qxb3 Ra3 29. Qc4 Qf6 30. Nd3 Ra1 31. dxe6 Rxe1+ 32. Bxe1 fxe6 33. Bxb7
Kh8 34. Bc3 e5 35. Be4 Qg5 36. Kg2 Qh5 37. Bd2 Qe2 38. Be3 Qd1 39. Nc5 h6 40.
Ne6 Rb8 41. Nxc7 1-0

[Event "13. Open del Sants 2011"]
[Site "Barcelona ESP"]
[Date "2011.08.21"]
[Round "3.14"]
[White "Handke, Florian"]
[Black "Padmini, Rout"]
[Result "1-0"]
[WhiteElo "2518"]
[BlackElo "2348"]
[PlyCount "73"]
[EventDate "2011.08.19"]
[EventType "swiss"]
[EventRounds "10"]
[EventCountry "ESP"]
[Source "lmi"]
[SourceDate "2011.08.19"]

1. e4 c5 2. Nf3 d6 3. c3 Nf6 4. h3 Nc6 5. Bd3 g6 6. O-O Bg7 7. Re1 O-O 8. Bb5
Bd7 9. d3 Ne5 10. a4 a6 11. Bc4 Nxc4 12. dxc4 Bc6 13. Qd3 Nd7 14. Bg5 f6 15.
Bh4 Ne5 16. Nxe5 dxe5 17. Qe3 Qd6 18. a5 Rfd8 19. f3 e6 20. Na3 Rd7 21. Rab1
Rad8 22. b4 cxb4 23. cxb4 Ba4 24. Bf2 Qb8 25. b5 Rd3 26. Qc1 Qc8 27. bxa6 bxa6
28. c5 Bf8 29. Kh2 R8d7 30. Nc4 Rc7 31. Nb6 Qe8 32. Qc4 Rd2 33. Nxa4 Rxf2 34.
Rb6 Kf7 35. Rd1 Qc8 36. c6 g5 37. Kg3 1-0